| 000 | 00604nam a22002297a 4500 | ||
|---|---|---|---|
| 999 |
_c458606 _d458606 |
||
| 001 | 5150436 | ||
| 003 | UA-OsUOA | ||
| 005 | 20200326102109.0 | ||
| 008 | 200326b un ||||| |||| 00| 0 ukr d | ||
| 040 |
_aUA-OsUOA _bukr _cUA-OsUOA _dUA-OsUOA |
||
| 041 | _aukr | ||
| 080 | _a82.09 | ||
| 090 |
_a82.09 _bС79 |
||
| 100 | _aСтежанский В., Черная Л | ||
| 245 | _aЛитературная борьба в ФРГ | ||
| 260 |
_aМосква _bСоветский писатель _c1978 |
||
| 300 | _a428 с. | ||
| 650 | _282.09 | ||
| 650 | _282.09 | ||
| 942 |
_2udc _cBK |
||
| 955 | _a1 | ||